000 00755nam a2200229Ii 4500
003 JO-AjNU
008 230605s9999||||xx |||||||||||||| ||und||
017 _a2000/9/2644
020 _a9957-11-159-0
040 _aJO-AjNU
_bara
_erda
_cJO-AjNU
041 _aara
050 1 4 _aHD30.2.S25 .2001
100 3 _aتأليف:صالح،وليد فهمي,
_eauthor
_928431
245 0 0 _aتطبيقات الحاسوب في ادارة الاعمال :نظام الفا
250 _aط1
264 3 1 _aعمان:دار وائل للنشر والتوزيع؛2001
300 _a339ص
336 _atext
_btxt
_2rdacontent
337 _aunmediated
_bn
_2rdamedia
338 _avolume
_bnc
_2rdacarrier
650 4 _aادارة الاعمال الحاسوب
_928432
999 _aA11027
_c14595
_d14595